LEADER 00822cam0-2200289---450- 001 990004937930403321 005 20101025153404.0 035 $a000493793 035 $aFED01000493793 035 $a(Aleph)000493793FED01 035 $a000493793 100 $a19990604d1930----km-y0itay50------ba 101 0 $aita 102 $aIT 105 $a--------001by 200 1 $aCommedie$enuovamente rivedute e corrette, aggiuntavi L'Orazia tragedia del medesimo autore$fPietro Aretino 210 $aMilano$cSonzogno$d1930 215 $a468 p.$d18 cm 676 $a852.3 700 1$aAretino,$bPietro$f<1492-1556>$014003 801 0$aIT$bUNINA$gRICA$2UNIMARC 901 $aBK 912 $a990004937930403321 952 $a853.3 ARET 2(4)$bIst.f.m.20851$fFLFBC 959 $aFLFBC 996 $aCommedie$9171899 997 $aUNINA